[Event "Hebraica op 32nd"]
[Site "Hebraica"]
[Date "2024.02.04"]
[Round "5"]
[White "Jiang, Lucas Zirui"]
[Black "Vicentini, Luis Felipe Baron"]
[Result "1-0"]
[WhiteElo "1756"]
[BlackElo "1578"]
[PlyCount "75"]
[EventDate "2024.02.02"]
[EventType "swiss"]
[EventRounds "6"]
[EventCountry "BRA"]
[SourceTitle "CB07_2024"]
[SourceDate "2024.02.14"]
[SourceVersion "1"]
[SourceVersionDate "2024.02.14"]
[SourceQuality "1"]

1. d4 Nf6 2. Nf3 g6 3. c4 Bg7 4. Nc3 d5 5. Bg5 Ne4 6. cxd5 Nxg5 7. Nxg5 e5 8. Nf3 exd4 9. Nxd4 c6 10. e4 Qb6 11. Nb3 Qb4 12. Qc2 0-0 13. a3 Qe7 14. dxc6 Be6 15. Bd3 Nxc6 16. 0-0 Rfd8 17. Rad1 Rac8 18. Nc1 a5 19. N1e2 Nb4 20. Qb1 Nxd3 21. Rxd3 Rxd3 22. Qxd3 Bc4 23. Nd5 Qc5 24. Qd2 Bxd5 25. exd5 Qc2 26. Rd1 Qxb2 27. Qe1 Rc2 28. Kf1 Qxa3 29. d6 Rc8 30. Nf4 Qc5 31. d7 Qb5+ 32. Kg1 Rd8 33. Qe7 Rxd7 34. Qxd7 Qxd7 35. Rxd7 a4 36. Rxb7 a3 37. Ra7 Bb2 38. Nd3 1-0

[Event "Hebraica op 32nd"]
[Site "Hebraica"]
[Date "2024.02.03"]
[Round "3"]
[White "Rachman, Sergio"]
[Black "Vicentini, Luis Felipe Baron"]
[Result "0-1"]
[WhiteElo "1787"]
[BlackElo "1578"]
[PlyCount "112"]
[EventDate "2024.02.02"]
[EventType "swiss"]
[EventRounds "6"]
[EventCountry "BRA"]
[SourceTitle "CB07_2024"]
[SourceDate "2024.02.14"]
[SourceVersion "1"]
[SourceVersionDate "2024.02.14"]
[SourceQuality "1"]

1. e4 c6 2. d4 d5 3. Nc3 dxe4 4. Nxe4 Nf6 5. Nxf6+ exf6 6. Nf3 Bd6 7. Be3 0-0 8. Bd3 Re8 9. 0-0 Nd7 10. c4 Nf8 11. Qc2 Bg4 12. Nd2 Rc8 13. Rfe1 Bb8 14. f3 Be6 15. Rac1 Qd6 16. Nf1 Qd7 17. Bf2 Bf4 18. Rcd1 b5 19. b3 Ng6 20. Be2 Qb7 21. Ng3 Bxg3 22. Bxg3 f5 23. Bd3 f4 24. Bxg6 fxg3 25. Bxh7+ Kh8 26. hxg3 g6 27. Bxg6 fxg6 28. Qxg6 Qf7 29. Rxe6 Qxe6 30. Qxe6 Rxe6 31. Kf2 bxc4 32. bxc4 Rb8 33. Rd2 Rb1 34. f4 Ree1 35. d5 cxd5 36. cxd5 Rf1+ 37. Ke3 Rbe1+ 38. Kd4 Rd1 39. Kd3 Rxd2+ 40. Kxd2 Rf2+ 41. Ke3 Rxg2 42. d6 Rxg3+ 43. Ke4 Rg8 44. Kd5 Kg7 45. d7 Kf7 46. Kd6 a5 47. f5 a4 48. Kc7 Ke7 49. f6+ Kxf6 50. d8Q+ Rxd8 51. Kxd8 Ke5 52. Kc7 Kd4 53. Kb6 Kc3 54. Ka5 a3 55. Ka4 Kb2 56. Kb4 Kxa2 0-1

[Event "Niteroi Carvalho Memorial"]
[Site "Niteroi"]
[Date "2023.11.04"]
[Round "3"]
[White "Cunha, Luiz Henrique Perei"]
[Black "Vicentini, Luis Felipe Baron"]
[Result "0-1"]
[WhiteElo "1800"]
[BlackElo "1475"]
[PlyCount "102"]
[EventDate "2023.11.02"]
[EventType "swiss"]
[EventRounds "6"]
[EventCountry "BRA"]
[SourceTitle "CB49_2023"]
[SourceDate "2023.12.06"]
[SourceVersion "1"]
[SourceVersionDate "2023.12.06"]
[SourceQuality "1"]

1. d4 Nf6 2. Bf4 c5 3. e3 cxd4 4. exd4 d5 5. Nf3 Bg4 6. Nbd2 Nc6 7. c3 e6 8. Qa4 a6 9. Ne5 Rc8 10. Nxg4 Nxg4 11. Be2 Nf6 12. Nf3 Bd6 13. Bxd6 Qxd6 14. 0-0 0-0 15. Qc2 b5 16. Rfe1 b4 17. Bd3 bxc3 18. bxc3 Qa3 19. Qb3 Qa5 20. Rec1 Rb8 21. Qc2 h6 22. Qe2 Rb6 23. Rab1 Rfb8 24. Qd2 Qa3 25. Rxb6 Rxb6 26. Rb1 Nd7 27. Rxb6 Nxb6 28. Ne5 Nxe5 29. dxe5 Qa4 30. g3 Nc4 31. Qc2 Qxc2 32. Bxc2 Nxe5 33. f4 Nd7 34. Kf2 Kf8 35. Ke3 Ke7 36. Kd4 Kd6 37. c4 dxc4 38. Kxc4 Nc5 39. a4 f6 40. g4 g5 41. fxg5 hxg5 42. a5 e5 43. Bf5 Nb7 44. Bc8 Nxa5+ 45. Kc3 Kd5 46. Bxa6 Ke4 47. Kd2 Nb3+ 48. Ke1 Nd4 49. Kf2 Kf4 50. h3 e4 51. Bf1 e3+ 0-1

[Event "Niteroi Carvalho Memorial"]
[Site "Niteroi"]
[Date "2023.11.04"]
[Round "4"]
[White "Vicentini, Luis Felipe Baron"]
[Black "Itagyba, Renan Fortes"]
[Result "0-1"]
[WhiteElo "1475"]
[BlackElo "1726"]
[PlyCount "48"]
[EventDate "2023.11.02"]
[EventType "swiss"]
[EventRounds "6"]
[EventCountry "BRA"]
[SourceTitle "CB49_2023"]
[SourceDate "2023.12.06"]
[SourceVersion "1"]
[SourceVersionDate "2023.12.06"]
[SourceQuality "1"]

1. e4 c5 2. Nf3 g6 3. d4 cxd4 4. Qxd4 Nf6 5. Nc3 Nc6 6. Qd1 Bg7 7. Bg5 0-0 8. Qd2 Qb6 9. Bc4 Qb4 10. Bb3 Nxe4 11. Nxe4 Qxe4+ 12. Be3 Bxb2 13. 0-0 Bxa1 14. Rxa1 d6 15. Re1 Ne5 16. Nd4 Qg4 17. Bg5 Re8 18. f4 Nc6 19. Bh6 Qh5 20. Nxc6 bxc6 21. Qxd6 Qxh6 22. Qxc6 Bf5 23. Rxe7 Rxe7 24. Qxa8+ Qf8 0-1